Estadísticas para Terminología Medica: Prefijos

Haz click aquí para intentar la prueba.

Estadísticas generales

  • Esta prueba ha sido intentada 14 veces
  • La puntuación promedio es 2 de 15

Estadísticas de respuestas

Respuesta% Correcto
ASin
56%
BRADILento
44%
ESInflamación
33%
BRAQUICorto
22%
ANTIAtras
11%
CONAcompañado de
0%
ANTEAdelante
0%
ABAfuera / Hacia afuera
0%
ANAAnatomia
0%
BIBilateral
0%
OSISCondición
0%
AMBIEntre los dos
0%
CATAHacia abajo
0%
ADHacia dentro
0%
CONTRAOpuesto
0%

Distribución de puntuación

Porcentaje por número respondido

Porcentaje de gente con cada puntuación

Historial de tus puntuaciones

No has intentado esta prueba.